000 00352nam a2200133Ia 4500
003 IN-BaIIA
008 211028s9999 xx 000 0 eng d
040 _cIIA Library
100 _aChebrtav,G.
_937663
245 0 _aEphemerides of the minor planets
_cG. Chebrtav
260 _bInstitute of Theoretical Astronomy
_c1969
300 _a160p.
942 _cBK
999 _c19983
_d19983